| 000 | 00542nam a22001697a 4500 | ||
|---|---|---|---|
| 005 | 20240202075030.0 | ||
| 008 | 240202b |||||||| |||| 00| 0 eng d | ||
| 020 | _a9780409041361 ; 9780409041378 | ||
| 041 | _aEnglish | ||
| 082 | _a346.7 MES | ||
| 100 |
_aMeskin, PM _lEnglish |
||
| 245 |
_aInsolvency Law and its operation in winding-up / _cPM Meskin |
||
| 260 |
_aDurban : _bLexisNexis (Pty) Ltd, _c2021 |
||
| 300 |
_bxii, 132 pages ; _c26 cm. |
||
| 650 |
_aLegal practice _bLaw |
||
| 942 |
_cBK _6ALISON_BN_VRIES |
||
| 999 |
_c1329 _d1329 |
||